[Event "Torch Real Estate Cup"]
[Site "Jinan CHN"]
[Date "2005.04.20"]
[Round "1"]
[White "Yang Ning"]
[Black "Shen Yang"]
[Result "0-1"]
[WhiteElo "2164"]
[BlackElo "2322"]

1.d4 d5 2.c4 c6 3.Nf3 Nf6 4.Nc3 dxc4 5.a4 Bf5 6.Ne5 Nbd7 7.Nxc4 Nb6 8.Ne5 a5
9.g3 e6 10.Bg2 Bb4 11.O-O O-O 12.e3 h6 13.Qe2 Bh7 14.Rd1 Qe7 15.e4 Nfd7 16.Nxd7 Nxd7
17.Be3 Rfd8 18.Rac1 Nf6 19.f3 Bg6 20.Na2 Nd7 21.Qf2 Re8 22.Bf1 f5 23.Bd3 fxe4
24.fxe4 Kh8 25.Nxb4 Qxb4 26.Qc2 Qe7 27.Rf1 Nf6 28.e5 Bxd3 29.Qxd3 Nd5 30.Bd2 Qd7
31.Rf2 Red8 32.Rcf1 Ne7 33.Rf7 Qxd4+ 34.Qxd4 Rxd4 35.Rxe7 Rxd2 36.Rff7 Rg8
37.Rxb7 Re2 38.h4 Rxe5 39.Kg2 h5 40.Rfc7 Rc5 41.Re7 e5 42.Kf3 Kh7 43.Ke4 Rc4+
44.Ke3 Rc1 45.Ke2 Rc5 46.b4 axb4 47.Rxb4 Kg6 48.Rbb7 Ra5 49.Rbc7 Kf6 50.Rf7+ Ke6
51.Rxg7 Rxg7 52.Rxg7 Rxa4 53.Rh7 Ra3 54.Kf2 Kf5 55.Rxh5+ Ke4 56.Rh6 Ra2+
57.Kf1 c5 58.Rc6 Kf3 59.Ke1 e4 60.Re6 c4 61.h5 Rh2 62.g4 e3 63.Rf6+ Kxg4
64.Re6 Kf3 65.Rf6+ Ke4 66.h6 Kd3 67.Rd6+ Kc2 68.Re6 c3 69.Rxe3 Rxh6 70.Re8 Kc1
71.Ke2 c2 72.Rg8 Re6+ 73.Kf2 Re5 74.Rg7 Kd2 75.Rd7+ Kc3 76.Rc7+ Kd3 77.Rc8 Re4  0-1

[Event "TCh-RUS w"]
[Site "Sochi RUS"]
[Date "2005.04.21"]
[Round "3"]
[White "Matveeva,S"]
[Black "Zhukova,N"]
[Result "1/2-1/2"]
[WhiteElo "2423"]
[BlackElo "2479"]

1.d4 d5 2.c4 c6 3.Nc3 Nf6 4.Nf3 dxc4 5.a4 Bf5 6.Ne5 Nbd7 7.Nxc4 Nb6 8.Ne5 a5
9.e3 h6 10.g4 Bh7 11.Bg2 e6 12.O-O Bd6 13.f4 O-O 14.Qe2 Nfd5 15.Ne4 Nb4 16.Bd2 Qe7
17.b3 f6 18.Nc4 Nxc4 19.Qxc4 Kh8 20.Rac1 Rad8 21.Rfd1  1/2-1/2

[Event "Torch Real Estate Cup"]
[Site "Jinan CHN"]
[Date "2005.04.24"]
[Round "5"]
[White "Kacheishvili,G"]
[Black "Zhou Jianchao"]
[Result "0-1"]
[WhiteElo "2597"]
[BlackElo "2473"]

1.d4 d5 2.c4 c6 3.Nf3 Nf6 4.Nc3 dxc4 5.a4 Bf5 6.Ne5 Nbd7 7.Nxc4 Nb6 8.Ne5 a5
9.g3 e6 10.Bg2 Bb4 11.O-O O-O 12.e3 h6 13.Qe2 Bh7 14.Rd1 Nfd7 15.Nd3 Bxd3
16.Qxd3 Qe7 17.Qc2 e5 18.dxe5 Qxe5 19.e4 Qe6 20.Be3 Rfd8 21.Ne2 Qc4 22.Rdc1 Qxc2
23.Rxc2 Nc8 24.f4 Nf6 25.h3 Nxe4 26.Bxe4 Re8 27.Bxc6 bxc6 28.Kf2 Ne7 29.Rd1 Nf5
30.Bc1 Rac8 31.g4 Ne7 32.Kf3 f5 33.Rc4 Kf7 34.Ng3 g6 35.Rcd4 Rc7 36.Rc4 Rb7
37.Nf1 Rbb8 38.Ne3 Rbd8 39.Rxd8 Rxd8 40.Ke2 Ke6 41.gxf5+ gxf5 42.Nc2 Bd6
43.Bd2 Rb8 44.b4 axb4 45.Bxb4 c5 46.Bd2 Nc6 47.Kd3 Rb3+ 48.Rc3 Rb2 49.Ne3 Ra2
50.Rc4 Ra3+ 51.Bc3 Nb4+ 52.Kd2 Ra2+ 53.Kd1 Nd5 54.Bd2 Nxe3+ 55.Bxe3 Kd5 56.Rc2 Rxa4
57.Rd2+ Kc6 58.Rg2 Ra1+ 59.Ke2 Ra2+  0-1

[Event "Torch Real Estate Cup"]
[Site "Jinan CHN"]
[Date "2005.04.25"]
[Round "6"]
[White "Peng Zhaoqin"]
[Black "Liu Xianglin"]
[Result "1-0"]
[WhiteElo "2392"]
[BlackElo "2223"]

1.d4 d5 2.c4 c6 3.Nc3 Nf6 4.Nf3 dxc4 5.a4 Bf5 6.Ne5 Nbd7 7.Nxc4 Nb6 8.Ne5 a5
9.f3 Nfd7 10.Nxd7 Nxd7 11.e4 Bg6 12.f4 e6 13.Bc4 Bb4 14.O-O Bxc3 15.bxc3 Bxe4
16.Ba3 Nb6 17.Bb3 Qf6 18.Rf2 h5 19.Qe2 Qf5 20.Re1 Bd3 21.Qb2 Nd7 22.c4 Qf6
23.Qd2 Bf5 24.Bd6 h4 25.c5 Qg6 26.d5 Rh5 27.dxe6 fxe6 28.Rfe2 Nf8 29.Bc4 Bg4
30.Re3 h3 31.Rg3 Rd8 32.Qb2 Qf5 33.Qxg7 Rxd6 34.cxd6 Qc5+ 35.Rge3 Rh7 36.Qxg4 Qxc4
37.Rxh3 Rxh3 38.Qxh3 Qd4+ 39.Qe3 Qxd6 40.f5 Kd7 41.Qb6 Kc8 42.Qxa5 Qd4+ 43.Kh1 Qd7
44.Qa8+  1-0

[Event "2nd Open"]
[Site "Porto Carras GRE"]
[Date "2005.04.26"]
[Round "6"]
[White "Chatalbashev,B"]
[Black "Mastrovasilis,D"]
[Result "1/2-1/2"]
[WhiteElo "2499"]
[BlackElo "2562"]

1.d4 d5 2.c4 c6 3.Nf3 Nf6 4.Nc3 dxc4 5.a4 Bf5 6.e3 e6 7.Bxc4 Bb4 8.O-O Nbd7
9.Qe2 Bg6 10.e4 O-O 11.Bd3 Bh5 12.e5 Nd5 13.Nxd5 cxd5 14.Qe3 Be7 15.Ne1 Bg6
16.f4 Rc8 17.g4 Bxd3 18.Nxd3 Qb6 19.Bd2 f5 20.exf6 Nxf6 21.Nf2 Bb4 22.Bxb4 Qxb4
23.Qxe6+  1/2-1/2

[Event "62nd ch-POL"]
[Site "Poznan POL"]
[Date "2005.04.26"]
[Round "6"]
[White "Miton,K"]
[Black "Warakomski,T"]
[Result "1-0"]
[WhiteElo "2592"]
[BlackElo "2384"]

1.Nf3 d5 2.d4 Nf6 3.c4 dxc4 4.Nc3 c6 5.a4 Bf5 6.e3 Nbd7 7.Bxc4 e6 8.O-O Bb4
9.Qb3 a5 10.Na2 Be7 11.Bd2 Ne4 12.Rfc1 Nxd2 13.Nxd2 Qb8 14.Bd3 Bxd3 15.Qxd3 e5
16.d5 Nc5 17.Qc4 cxd5 18.Qb5+ Nd7 19.Nc3 Bb4 20.Nxd5 Bxd2 21.Rc2 Bb4 22.Nb6 Qd6
23.Nxa8 O-O 24.Rcc1 Nc5 25.Rd1 Qg6 26.Nb6 Nb3 27.Rab1 Nd2 28.Rbc1 Nf3+ 29.Kh1 Qh5
30.gxf3 Qxf3+ 31.Kg1 Qg4+ 32.Kf1 Qh3+ 33.Ke2 Qg4+ 34.Kd3 Qf5+ 35.Kc4  1-0

[Event "TCh-RUS w"]
[Site "Sochi RUS"]
[Date "2005.04.28"]
[Round "10"]
[White "Guseva,M"]
[Black "Slavina,I"]
[Result "1/2-1/2"]
[WhiteElo "2264"]
[BlackElo "2415"]

1.d4 d5 2.c4 c6 3.Nf3 Nf6 4.Nc3 dxc4 5.a4 Bf5 6.e3 e6 7.Bxc4 Bb4 8.O-O Nbd7
9.Qb3 Qb6 10.Nh4 O-O 11.Rd1 Rad8 12.Nxf5 exf5 13.Bd2 a5 14.Be1 Qc7 15.Rac1 Nb6
16.Bf1 Qe7 17.g3 h5 18.h4 g6 19.Bg2 Qe6 20.Qxe6 fxe6 21.b3 Rfe8 22.Ne2 Bxe1
23.Rxe1 e5 24.dxe5 Rxe5 25.Red1 Rxd1+ 26.Rxd1 Re7 27.Rc1 Ng4 28.Kf1 Kf7 29.Nd4 Nd7
30.Ke2 Re5  1/2-1/2

[Event "Open A"]
[Site "Djakovo CRO"]
[Date "2005.05.02"]
[Round "3"]
[White "Kozul,Z"]
[Black "Sedlak,N"]
[Result "1/2-1/2"]
[WhiteElo "2591"]
[BlackElo "2514"]

1.d4 d5 2.c4 c6 3.Nf3 Nf6 4.Nc3 dxc4 5.a4 Bf5 6.e3 e6 7.Bxc4 Bb4 8.O-O Nbd7
9.Qb3 a5 10.Be2 Qb6 11.Nh4 Bg6 12.Nxg6 hxg6 13.h3 O-O 14.Na2 Bd6 15.Qxb6 Nxb6
16.b3 e5 17.Bb2 Rfe8 18.Rad1 Nbd5 19.Rd2 e4 20.Rc2 Re7 21.Ra1 Kf8 22.Bc1 Ke8
23.Bd2 Kd7 24.Bc4 Ree8 25.Rb2 Reb8 26.Nc3 Nxc3 27.Bxc3 Nd5 28.Bd2 f5 29.h4 Be7
30.g3 Ke6 31.Kg2 Bd8 32.Rc1 Be7 33.b4 axb4 34.Bxb4 Bd8 35.Bb3 Ra6 36.Rc5 Be7
37.Bxd5+ cxd5 38.Rb5 Bf6 39.a5 Bd8 40.Bc5 Rxa5 41.Rxb7 Rxb7 42.Rxb7 Bf6 43.Rb6+ Kf7
44.Rd6 Ra2 45.Rxd5 f4 46.gxf4 Bxh4 47.Re5 Bxf2 48.Rxe4 Bxe3+ 49.Kf3 Bf2 50.Re7+ Kf6
51.Re8 g5 52.Rf8+ Kg6 53.f5+ Kh7 54.Rd8 Rd2 55.Rd7 Kh6 56.Kg4 Be3 57.f6 gxf6
58.Bf8+ Kg6 59.Rg7+ Kh6 60.Rd7+ Kg6 61.Rg7+ Kh6 62.Rd7+  1/2-1/2

[Event "Japfa Match"]
[Site "Jakarta INA"]
[Date "2005.05.02"]
[Round "1"]
[White "Dao Thien Hai"]
[Black "Megaranto,S"]
[Result "0-1"]
[WhiteElo "2609"]
[BlackElo "2489"]

1.d4 d5 2.c4 c6 3.Nf3 Nf6 4.Nc3 dxc4 5.a4 Bf5 6.Ne5 Nbd7 7.Nxc4 Nb6 8.Ne5 e6
9.e3 Bd6 10.f4 Ne4 11.Nxe4 Bxe4 12.Nf3 O-O 13.Bd3 Bxd3 14.Qxd3 c5 15.O-O cxd4
16.exd4 g6 17.Bd2 Nd5 18.g3 Qb6 19.a5 Qa6 20.Qxa6 bxa6 21.Rfc1 Rfc8 22.Ne1 Kf8
23.Nd3 Ke7 24.Kf2 Kd7 25.Ke2 Rab8 26.Kd1 h5 27.Ke2 f6 28.Kf3 Ne7 29.Ke2 Rc6
30.Rxc6 Kxc6 31.Bc3 h4 32.Rc1 hxg3 33.hxg3 Kd5 34.Nc5 Rd8 35.Kf3 Nc6 36.Nxa6 Rc8
37.Nc5 e5 38.Rd1 exd4 39.Ne4 Be7 40.Be1 Rb8 41.Nc3+ Kc4 42.Ne2 Rb3+ 43.Kg4 Rxb2
44.Ng1 Rh2 45.Kf3 d3 46.Bf2 Nd4+ 47.Bxd4 Kxd4 48.Ne2+ Rxe2  0-1

[Event "IM"]
[Site "Ostrava CZE"]
[Date "2005.05.02"]
[Round "3"]
[White "Michenka,J"]
[Black "Michalik,P"]
[Result "1-0"]
[WhiteElo "2348"]
[BlackElo "2244"]

1.d4 d5 2.c4 c6 3.Nf3 Nf6 4.Nc3 dxc4 5.a4 Bf5 6.Ne5 e6 7.e3 Bb4 8.Bxc4 Ne4
9.Qb3 Qa5 10.O-O b5 11.Nxe4 Bxe4 12.Bxe6 fxe6 13.Qxe6+ Be7 14.Qf7+ Kd8 15.Qxg7 Rf8
16.f3 Bg6 17.e4 Qb6 18.Nxg6 hxg6 19.Bg5 Re8 20.a5 Qc7 21.Qxg6 Bxg5 22.Qxg5+ Kc8
23.Qg6 Rh8 24.f4 Na6 25.d5 Nb4 26.dxc6 Qh7 27.Qe6+ Kc7 28.Qe5+ Kc8 29.h3 Rg8
30.Ra3 Qg6 31.Rg3 Qe8 32.Rxg8 Qxg8 33.Qf5+ Kb8 34.Qxb5+ Kc8 35.Qb7+  1-0

[Event "SME Open"]
[Site "Ostrava CZE"]
[Date "2005.05.04"]
[Round "5"]
[White "Vyskocil,N"]
[Black "Bartos,J"]
[Result "1/2-1/2"]
[WhiteElo "2304"]
[BlackElo "2293"]

1.Nf3 d5 2.d4 Nf6 3.c4 c6 4.Nc3 dxc4 5.a4 Bf5 6.Ne5 Nbd7 7.Nxc4 Qc7 8.g3 e5
9.dxe5 Nxe5 10.Bf4 Nfd7 11.Bg2 g5 12.Nxe5 gxf4 13.Nxd7 O-O-O 14.Qd4 Qxd7
15.Qxf4 Bd6 16.Qd4 Bc7 17.Qxd7+ Rxd7 18.Rd1 Rhd8 19.Rxd7 Rxd7 20.e3 Ba5 21.Ke2 Bd3+  1/2-1/2

[Event "SWE-NOR w"]
[Site "Karlstad SWE"]
[Date "2005.05.05"]
[Round "2"]
[White "Johansson,V"]
[Black "Berntsen,S"]
[Result "0-1"]
[WhiteElo "2218"]
[BlackElo "2160"]

1.d4 d5 2.Nf3 Nf6 3.c4 c6 4.Nc3 dxc4 5.a4 Bf5 6.e3 e6 7.Bxc4 Bb4 8.O-O Nbd7
9.Qe2 O-O 10.e4 Bg6 11.Bd3 Qa5 12.e5 Nd5 13.Bxg6 hxg6 14.Ne4 c5 15.Neg5 cxd4
16.Qe4 Rfc8 17.Rd1 Qc7 18.Qxd4 Qc4 19.Be3 Qxd4 20.Bxd4 Nc5 21.Bxc5 Rxc5 22.Rac1 Rac8
23.Rxc5 Rxc5 24.Nd4 a6 25.Kf1 Rc8 26.Ne4 Kf8 27.g3 Ke7 28.Ke2 Nb6 29.b3 Nd5
30.Kd3 Rh8 31.h4 Rc8 32.Rh1 Ba5 33.Rd1 Bb6 34.Nc2 Ba5 35.Na3 Bc7 36.f4 Rd8
37.Ke2 f5 38.exf6+ gxf6 39.Rc1 Ba5 40.Nc4 Bb4 41.Rh1 b5 42.axb5 axb5 43.Ne3 f5
44.Nxd5+ Rxd5 45.Ng5 Rd2+ 46.Ke3 Rb2 47.Kd4 Rxb3 48.h5 gxh5 49.Rxh5 Rxg3
50.Rh7+ Kd6 51.Nf7+ Kc6 52.Nd8+ Kb6 53.Rb7+ Ka6 54.Rh7 Bd6 55.Nxe6 b4 56.Rd7 Bb8
57.Kc4 Rg6 58.Nc5+ Ka5 59.Nb3+ Ka6 60.Nc5+ Ka5 61.Nb3+ Ka4 62.Rd8 Rc6+ 63.Nc5+ Rxc5+
64.Kxc5 Bxf4 65.Kc4 Ka3 66.Rd3+ Kb2 67.Kxb4 Bc1 68.Rf3 Bd2+ 69.Kc4 f4 70.Rf2 Kc2
71.Rh2 Kc1 72.Kd3 Be3 73.Ra2 Kb1 74.Re2 Kc1 75.Rh2 Kb1  0-1

[Event "Open A"]
[Site "Djakovo CRO"]
[Date "2005.05.06"]
[Round "8"]
[White "Cebalo,M"]
[Black "Rogic,D"]
[Result "1-0"]
[WhiteElo "2507"]
[BlackElo "2499"]

1.d4 d5 2.c4 c6 3.Nf3 Nf6 4.Nc3 dxc4 5.a4 Bf5 6.Nh4 Bc8 7.e3 e5 8.Bxc4 exd4
9.exd4 Bd6 10.O-O O-O 11.Nf3 Bf5 12.Bg5 h6 13.Bh4 Nbd7 14.Re1 Qc7 15.Qb3 a6
16.Rac1 Rae8 17.Rxe8 Nxe8 18.Re1 Nef6 19.a5 Bg6 20.Bg3 Bxg3 21.hxg3 Re8 22.Rxe8+ Nxe8
23.Nh4 Kf8 24.Nxg6+ fxg6 25.Qb4+ Nd6 26.Ne4 c5 27.dxc5 Nxe4 28.c6+ Nd6 29.cxd7 Qxd7
30.Bd5 Ke7 31.Qd4 Kd8 32.g4 g5 33.g3 Kc7 34.Qe5 Kb8 35.Kg2 Qc7 36.f4 gxf4
37.gxf4 Ka7 38.Bf3 Qd7 39.Kg3 Qc7 40.Kh4 g5+ 41.Kh3 gxf4 42.Qxf4 Qc5 43.Qxh6 Nc4
44.Qc1 Qd4 45.Qc3 Qf4 46.b4 Ne3 47.Qc5+ Kb8 48.Be2 Ka8 49.Qc8+ Ka7 50.Qc5+ Ka8
51.b5 axb5 52.a6 Qe4 53.axb7+ Kxb7 54.Qxb5+ Kc7 55.Qc5+ Kb7 56.Kg3 Qg2+ 57.Kf4 Qxe2
58.Qxe3 Qh2+ 59.Kg5 Kc8 60.Qe6+ Kd8 61.Kg6 Qc2+ 62.Kg7 Qd2 63.Qf6+ Ke8 64.Qe5+ Kd8
65.g5 Qd7+ 66.Kf8 Qd3 67.Qf6+ Kd7 68.Qe7+ Kc8 69.Qe6+ Kd8 70.g6 Qa3+ 71.Kg8 Kc7
72.g7 Qa8+ 73.Kf7 Qf3+ 74.Kg6 Qg2+ 75.Kf6 Qf3+ 76.Qf5 Qc6+ 77.Kf7 Qc4+ 78.Qe6 Qf4+
79.Qf6 Qc4+ 80.Kf8  1-0

[Event "SME Open"]
[Site "Ostrava CZE"]
[Date "2005.05.07"]
[Round "8"]
[White "Kantorik,M"]
[Black "Caletka,R"]
[Result "1-0"]
[WhiteElo "2289"]
[BlackElo "2183"]

1.d4 d5 2.c4 c6 3.Nf3 Nf6 4.Nc3 dxc4 5.a4 Bf5 6.Nh4 Bc8 7.e4 e5 8.Bxc4 exd4
9.e5 Nd5 10.Qxd4 Be7 11.Nf3 Nxc3 12.Qxc3 O-O 13.O-O Bf5 14.Nd4 Be4 15.Be3 a5
16.e6 Bg6 17.Rad1 Qc8 18.f4 Bf6 19.Qb3 Na6 20.f5 Bh5 21.Nf3 Rb8 22.Bb6 Kh8
23.h3 fxe6 24.g4 Bf7 25.g5 Be7 26.fxe6 Bc5+ 27.Kg2 Bxb6 28.exf7 Bc7 29.Qe3 b6
30.Nh4 Nc5 31.Qd4  1-0

[Event "Torch Real Estate Cup"]
[Site "Wuxi CHN"]
[Date "2005.05.10"]
[Round "9"]
[White "Wang Doudou"]
[Black "Sun Yinan"]
[Result "1/2-1/2"]
[WhiteElo "2143"]
[BlackElo "2171"]

1.d4 d5 2.c4 c6 3.Nf3 Nf6 4.Nc3 dxc4 5.a4 Bf5 6.Ne5 Nbd7 7.Nxc4 Nb6 8.Ne5 a5
9.f3 Nfd7 10.Nxd7 Nxd7 11.e4 Bg6 12.Be3 Qb6 13.Qd2 e5 14.O-O-O O-O-O 15.g3 exd4
16.Bxd4 Bc5 17.Bh3 Bxd4 18.Qxd4 Qxd4 19.Rxd4 Kc7 20.Rxd7+ Rxd7 21.Bxd7 Kxd7
22.Kc2 f6 23.Re1 Rd8 24.f4 Bf7 25.b3 Rb8 26.Ra1 Kd6 27.g4 Be6 28.Rd1+ Ke7
29.f5 Bf7 30.Ne2 Rd8 31.Ra1 g5 32.Re1 h5 33.gxh5 Bxh5 34.Ng3 Rh8 35.Rf1 Bf7
36.Rf2 Kd6 37.Rd2+ Ke5 38.Kc3 Kf4 39.Rd7 Be8 40.Rd2 g4 41.b4 axb4+ 42.Kxb4 c5+
43.Kxc5 Bxa4 44.Rb2 Bc6 45.Kd6 Re8 46.Rf2+ Kg5 47.Re2 Rd8+ 48.Ke7 Ra8 49.e5 fxe5
50.Rxe5 Re8+ 51.Kd6 Kf6 52.Ne4+ Kf7 53.Rxe8 Bxe8 54.Kc7 b5 55.Nd6+ Kf8 56.Kb6 b4
57.Nc4 b3 58.Kc5 Bf7 59.Nb2 Ke7 60.Kd4 Kf6 61.Ke4 Kg5 62.Ke5 Kh4 63.Kf4 Bh5
64.f6 Bf7 65.Kf5 Bd5 66.Ke5 Bf7 67.Kf5 Kh3 68.Na4 Kh4 69.Nb2 Kh5 70.Nd1 Be8
71.Nb2 Bd7+ 72.Ke5 Kg6 73.Nd1 Be8 74.Nb2  1/2-1/2

[Event "Victory Cup"]
[Site "Alushta UKR"]
[Date "2005.05.12"]
[Round "1"]
[White "Skatchkov,P"]
[Black "Kharchenko,B"]
[Result "1-0"]
[WhiteElo "2468"]
[BlackElo "2313"]

1.d4 d5 2.c4 c6 3.Nf3 Nf6 4.Nc3 dxc4 5.a4 Bf5 6.e3 e6 7.Bxc4 Bb4 8.O-O Nbd7
9.Qe2 Bg6 10.Rd1 Qa5 11.Bd2 O-O 12.e4 e5 13.d5 Rfe8 14.dxc6 bxc6 15.Nh4 Nb6
16.Nxg6 hxg6 17.Bb3 Red8 18.Rac1 Rac8 19.h4 Rd4 20.Bg5 Bxc3 21.bxc3 Rxd1+
22.Rxd1 c5 23.Bxf6 gxf6 24.h5 c4 25.hxg6 cxb3 26.Qh5 fxg6 27.Qxg6+ Kf8 28.Rd6  1-0

[Event "Torch Real Estate Cup"]
[Site "Wuxi CHN"]
[Date "2005.05.14"]
[Round "13"]
[White "Li Shilong"]
[Black "Qiao Liang"]
[Result "1-0"]
[WhiteElo "2515"]
[BlackElo "2350"]

1.d4 Nf6 2.Nf3 d5 3.c4 c6 4.Nc3 dxc4 5.a4 Bf5 6.Ne5 Nbd7 7.Nxc4 Qc7 8.g3 e5
9.dxe5 Nxe5 10.Bf4 Nfd7 11.Bg2 f6 12.O-O Be6 13.Nxe5 Nxe5 14.Qc2 Be7 15.Nd5 Qd7
16.Nxe7 Qxe7 17.Qc3 Bf7 18.Bxe5 Qxe5 19.Bxc6+ bxc6 20.Qxc6+ Ke7 21.Qb7+ Ke6
22.Rac1 Bh5 23.e4 Rad8 24.Rc6+ Rd6 25.Rc7 Re8 26.Qb3+ Rd5 27.exd5+ Kf5 28.Qd3+ Qe4
29.Qxe4+ Rxe4 30.f3 Rd4 31.g4+ Bxg4 32.fxg4+ Kxg4 33.Rxa7 Rxd5 34.Kg2 Rd4
35.h3+  1-0

[Event "ch-UKR sf"]
[Site "Alushta UKR"]
[Date "2005.05.17"]
[Round "2"]
[White "Kovalenko,I"]
[Black "Ljukin,S"]
[Result "1-0"]
[WhiteElo "2270"]
[BlackElo "2362"]

1.d4 d5 2.c4 c6 3.Nf3 Nf6 4.Nc3 dxc4 5.a4 Bf5 6.e3 e6 7.Bxc4 Bb4 8.O-O Nbd7
9.Nh4 O-O 10.Nxf5 exf5 11.Qc2 g6 12.f3 Nb6 13.Bb3 Rc8 14.a5 Na8 15.a6 b5
16.Kh1 Nc7 17.e4 Qxd4 18.Bh6 Rfe8 19.exf5 Ncd5 20.fxg6 hxg6 21.Bg5 Nh7 22.Rad1 Qc5
23.Bd2 Nhf6 24.Qd3 Rcd8 25.Bg5 Bxc3 26.bxc3 Rd7 27.Bxf6  1-0

[Event "VII Open"]
[Site "Salou ESP"]
[Date "2005.05.22"]
[Round "3"]
[White "Pogorelov,R"]
[Black "Peralta,Fe"]
[Result "1/2-1/2"]
[WhiteElo "2448"]
[BlackElo "2556"]

1.Nf3 d5 2.d4 Nf6 3.c4 c6 4.Nc3 dxc4 5.a4 Bf5 6.Ne5 Nbd7 7.Nxc4 Nb6 8.Ne5 a5
9.g3 e6 10.Bg2 Bb4 11.O-O O-O 12.e3 Nfd7 13.e4 Bg6 14.Nxg6 hxg6 15.e5 c5
16.Na2 Qe7 17.Nxb4 axb4 18.h4 Rfd8 19.Bg5 f6 20.exf6 Nxf6 21.a5 Rxd4 22.Qc2 Nbd5
23.Rfe1 c4 24.Bxd5 Rxd5 25.Qxc4 Kf7 26.Ra4 Rdxa5 27.Rxb4 Ra1 28.Rxa1 Rxa1+
29.Kg2 Rd1 30.Bxf6 gxf6 31.Qe4 Rd5 32.Rb6 Qd7 33.h5 f5 34.hxg6+ Kf6 35.Qe3 Rd2
36.g7 Kxg7 37.Rxe6 Qd5+ 38.Kh2 Rxf2+ 39.Qxf2 Qxe6 40.Qd4+ Kg6 41.Kg2  1/2-1/2

[Event "Chigorin CC"]
[Site "St Petersburg RUS"]
[Date "2005.05.25"]
[Round "9"]
[White "Goganov,A"]
[Black "Bagrunov,V"]
[Result "1-0"]
[WhiteElo "2044"]
[BlackElo "2093"]

1.d4 d5 2.c4 c6 3.Nf3 Nf6 4.Nc3 dxc4 5.a4 Bf5 6.e3 e6 7.Bxc4 Bd6 8.Qe2 Bb4
9.O-O Nbd7 10.e4 Bg6 11.Bd3 O-O 12.Bd2 c5 13.e5 Bxc3 14.bxc3 Bxd3 15.Qxd3 Nd5
16.c4 Ne7 17.d5 exd5 18.cxd5 c4 19.Qd4 Qb6 20.Qxc4 Rfc8 21.Qg4 f5 22.Qg5 Nxd5
23.Qxf5 Nf8 24.Ng5 Qg6 25.Qf3 Rd8 26.Rfd1 Ne6 27.Nxe6 Qxe6 28.Qe4 Rf8 29.Rab1 b6
30.Bb4 Rfd8 31.Rd4 Rd7 32.Rbd1 Rad8 33.f4 Nxb4 34.Rxd7 Rxd7 35.Rxd7 Qxd7
36.Qxb4 Qd1+ 37.Kf2 Qc2+ 38.Ke3 Qc1+ 39.Kf3 Qf1+ 40.Kg3 Qd3+ 41.Kh4 Qd8+
42.Kh3 Qd7+ 43.g4 h5 44.Qc4+ Kh8 45.f5 hxg4+ 46.Qxg4 Qd3+ 47.Kh4 Qd8+ 48.Kg3 Qd3+
49.Qf3 Qd4 50.Qf4 Qd3+ 51.Kh4 Qd8+ 52.f6 Kg8 53.Qg4 Qc7 54.Qxg7+ Qxg7 55.fxg7 Kxg7
56.Kg5 a6 57.e6 b5 58.axb5 axb5 59.h4 b4 60.h5 b3 61.h6+ Kf8 62.h7 Kg7 63.e7 b2
64.e8=Q  1-0

[Event "VII Open"]
[Site "Salou ESP"]
[Date "2005.05.28"]
[Round "9"]
[White "Del Rio Angelis,S"]
[Black "Kononenko,T"]
[Result "1-0"]
[WhiteElo "2495"]
[BlackElo "2416"]

1.d4 d5 2.c4 c6 3.Nf3 Nf6 4.Nc3 dxc4 5.a4 Bf5 6.Ne5 Nbd7 7.Nxc4 Nb6 8.Ne5 a5
9.Bg5 Nfd5 10.Qb3 Be6 11.e4 Nxc3 12.Qxc3 f6 13.d5 Nxd5 14.exd5 Bxd5 15.Bc4 e6
16.O-O fxg5 17.Bxd5 cxd5 18.f4 Qb6+ 19.Kh1 Bb4 20.Qh3 O-O-O 21.Nf7 gxf4 22.Nxh8 Rxh8
23.Rxf4 h5 24.Rf7 g5 25.Qg3 Qd6 26.Qxg5 Rd8 27.Rc1+ Bc5 28.Qe7 Qxe7 29.Rxe7 b6
30.Rxe6 Kb7 31.g3 d4 32.Kg2 d3 33.Rd1 d2 34.Re5 h4 35.gxh4 Bb4 36.h5 Rc8
37.Kf3 Rc2 38.h6 Rc6 39.Rh5 Rf6+ 40.Ke2 Re6+ 41.Kd3 Rd6+ 42.Kc2 Rc6+ 43.Kb1 Bf8
44.h7 Bh6 45.Rxd2  1-0

[Event "TCh-BIH Prem"]
[Site "Neum BIH"]
[Date "2005.06.04"]
[Round "1"]
[White "Corovic,S"]
[Black "Spasenovic,Z"]
[Result "1-0"]
[WhiteElo "2101"]
[BlackElo "2043"]

1.d4 d5 2.c4 c6 3.Nf3 Nf6 4.Nc3 dxc4 5.a4 Bf5 6.e3 e6 7.Bxc4 Bb4 8.O-O a5
9.Qe2 Ne4 10.Nxe4 Bxe4 11.Ne5 Nd7 12.Nxd7 Qxd7 13.Rd1 O-O 14.Bd2 Qe7 15.f3 Bd5
16.e4 Bxc4 17.Qxc4 Bxd2 18.Rxd2 Rfd8 19.Rad1 h6 20.Qc5 Kf8 21.Kf2 Ke8 22.g3 Qxc5
23.dxc5 Rxd2+ 24.Rxd2 Rd8 25.Rxd8+ Kxd8 26.Ke3 e5 27.Kd3 Kc7 28.Kc4 f6 29.h4 Kd7
30.b4 axb4 31.Kxb4 g6 32.Kc4 Ke6 33.Kb3 f5 34.Kb4 g5 35.hxg5 hxg5 36.g4 fxg4
37.fxg4 Kd7 38.Kc4 Kc7 39.Kb3 Kb8 40.Kb4 Ka7 41.Ka5 Ka8 42.Kb6 Kb8 43.a5 Kc8
44.Ka7  1-0

[Event "National Open"]
[Site "Las Vegas USA"]
[Date "2005.06.11"]
[Round "4"]
[White "Sharavdorj,D"]
[Black "Donaldson,J"]
[Result "1/2-1/2"]
[WhiteElo "2453"]
[BlackElo "2407"]

1.d4 d5 2.c4 c6 3.Nf3 Nf6 4.Nc3 dxc4 5.a4 Bf5 6.Ne5 Nbd7 7.Nxc4 Nb6 8.Ne5 a5
9.g3 e6 10.Bg2 Bb4 11.O-O O-O 12.e3 h6 13.Qe2 Bh7 14.Rd1 Qe7 15.e4 Nfd7 16.Nxd7 Nxd7
17.Be3 Rfe8 18.Rac1 Rac8 19.h3 Bg6 20.d5 exd5 21.exd5 Ne5 22.dxc6 bxc6  1/2-1/2

[Event "Open"]
[Site "Mielo POL"]
[Date "2005.06.13"]
[Round "4"]
[White "Szymanski,A2"]
[Black "Szczepinski,M"]
[Result "0-1"]
[WhiteElo "2257"]
[BlackElo "2219"]

1.d4 d5 2.Nf3 Nf6 3.c4 c6 4.Nc3 dxc4 5.a4 Bf5 6.e3 e6 7.Bxc4 Bb4 8.O-O O-O
9.Qe2 Ne4 10.Nxe4 Bxe4 11.Rd1 Nd7 12.Bd2 Qa5 13.Ne1 Rac8 14.f3 Bd5 15.b3 Nb6
16.Bxb4 Qxb4 17.Rdc1 Qa5 18.Nd3 Bxc4 19.bxc4 Nd7 20.c5 b6 21.Qa2 Rfd8 22.Rc2 Qa6
23.Qa3 bxc5 24.Nxc5 Nxc5 25.Qxc5 Rd5 26.Qc4 Qb6 27.Rcc1 g6 28.Rab1 Qa5 29.Qb4 Qxb4
30.Rxb4 Ra5 31.Rcc4 Rc7 32.Rb8+ Kg7 33.Kf2 Ra6 34.Rb2 Kf6 35.e4 Ke7 36.Rbc2 Kd6
37.Ke3 f6 38.f4 f5 39.e5+ Kd7 40.h3 Rb7 41.Ra2 Rb3+ 42.Ke2 Rab6 43.Rac2 Ra3
44.Kf2 Ra6 45.Rb4 Rb6 46.Rcb2 Rxb4 47.Rxb4 Kc7 48.Ke2 a5 49.Rc4 Rb3 50.Rc5 Kb6
51.Rc4 Rb4 52.Kd3 Rb1 53.Rc3 Ra1 54.Rc4 Ra3+ 55.Ke2 Rb3 56.h4 Rb4 57.Kd3 Rb1
58.Rc2 Ra1 59.d5 Ra3+ 60.Ke2 cxd5 61.Rc8 Rxa4 62.g3 Rc4 63.Rb8+ Ka7 64.Re8 Rc6
65.Re7+ Kb6 66.Rxh7 a4 67.Rh8 Kb5 68.Kd3 a3 69.Ra8 Ra6 70.Rb8+ Kc6 71.Rc8+ Kd7
72.Rc1 a2 73.Ra1 Ra3+ 74.Kd4 Kc6 75.Rc1+ Kb5 76.Ra1 Kb4 77.g4 fxg4 78.h5 gxh5
79.f5 exf5 80.e6 Kb3 81.e7 Ra4+  0-1

[Event "TCh-ARG Magistral AFA"]
[Site "Buenos Aires ARG"]
[Date "2005.06.14"]
[Round "7"]
[White "Garcia Palermo,C"]
[Black "Airando,M"]
[Result "1-0"]
[WhiteElo "2459"]
[BlackElo "2290"]

1.d4 d5 2.Nf3 Nf6 3.c4 c6 4.Nc3 dxc4 5.a4 Bf5 6.e3 e6 7.Ne5 Nbd7 8.Nxd7 Nxd7
9.e4 Bg6 10.Bxc4 Bb4 11.O-O O-O 12.f3 e5 13.Be3 Qe7 14.Qb3 Kh8 15.d5 Bc5
16.Bxc5 Qxc5+ 17.Kh1 Nb6 18.Be2 cxd5 19.exd5 Rfd8 20.Rad1 f5 21.d6 Rxd6 22.Rxd6 Qxd6
23.a5 Nd7 24.Qxb7 Rb8 25.Qxa7 Nf6 26.Rd1 Qb4 27.a6 h6 28.Qc7 Qxb2 29.a7  1-0

[Event "White Nights"]
[Site "St Petersburg RUS"]
[Date "2005.06.20"]
[Round "3"]
[White "Fedoseev,S"]
[Black "Kotov,D"]
[Result "0-1"]
[WhiteElo "2302"]
[BlackElo "2179"]

1.Nf3 c6 2.d4 d5 3.c4 Nf6 4.Nc3 dxc4 5.a4 Bf5 6.Ne5 e6 7.f3 Bb4 8.e4 Bxe4
9.fxe4 Nxe4 10.Qf3 Qxd4 11.Qxf7+ Kd8 12.Qxg7 Bxc3+ 13.Ke2 Qxe5 14.Qh6 Bb4
15.Kf3 Rf8+ 16.Qxf8+ Bxf8 17.Bf4 Qd5 18.Be2 Nc3+ 19.Kf2 Nxe2 20.Be3 Bc5 21.Bxc5 Qxc5+
22.Kxe2 Qe5+  0-1

[Event "Torch Real Estate Cup"]
[Site "Xiapu CHN"]
[Date "2005.06.21"]
[Round "14"]
[White "Wang Xiaohui"]
[Black "Shen Yang"]
[Result "0-1"]
[WhiteElo "2180"]
[BlackElo "2322"]

1.d4 d5 2.c4 c6 3.Nf3 Nf6 4.Nc3 dxc4 5.a4 Bf5 6.Ne5 Nbd7 7.Nxc4 Qc7 8.g3 e5
9.dxe5 Nxe5 10.Bf4 Nfd7 11.Bg2 g5 12.Ne3 gxf4 13.Nxf5 O-O-O 14.Qc2 Ng6 15.Rc1 Kb8
16.O-O fxg3 17.hxg3 h5 18.b4 h4 19.Nd5 Qe5 20.f4 Qe8 21.Rf3 Rc8 22.Rc3 hxg3
23.Rc4 Qd8 24.Qe4 Nh4 25.Bh3 Nxf5 26.Bxf5 Qh4 27.Qg2 Re8 28.R4c2 Nb6 29.Nxb6 axb6
30.e4 Qxf4 31.Rc3 Bxb4 32.Rf1 Bc5+ 33.Rxc5 Qe3+  0-1

[Event "III Summer"]
[Site "Alushta UKR"]
[Date "2005.06.22"]
[Round "6"]
[White "Belosvetov,N"]
[Black "Tolstikh,N"]
[Result "1/2-1/2"]
[WhiteElo "2340"]
[BlackElo "2375"]

1.d4 d5 2.c4 c6 3.Nf3 Nf6 4.Nc3 dxc4 5.a4 Bf5 6.e3 e6 7.Bxc4 Bb4 8.O-O Nbd7
9.Qe2 Bg6 10.e4 O-O 11.Bd3 Bh5 12.Bf4 Re8 13.e5 Nd5 14.Bd2 Be7 15.Nxd5 cxd5
16.Qe3 Rc8 17.Ne1 Nf8 18.Bb5 Nd7 19.Ba5 b6 20.Bd2 Rf8 21.Nd3 Nb8 22.Nf4  1/2-1/2

[Event "19th Open Pula"]
[Site "Pula CRO"]
[Date "2005.06.22"]
[Round "5"]
[White "Atalik,S"]
[Black "Rogic,D"]
[Result "1-0"]
[WhiteElo "2561"]
[BlackElo "2499"]

1.d4 d5 2.c4 c6 3.Nf3 Nf6 4.Nc3 dxc4 5.a4 Bf5 6.e3 e6 7.Bxc4 Bb4 8.O-O O-O
9.Qe2 Bg4 10.h3 Bxf3 11.Qxf3 Nbd7 12.Rd1 Rc8 13.Ne4 Nxe4 14.Qxe4 Qe7 15.b3 Nf6
16.Qc2 c5 17.Bb2 cxd4 18.Rxd4 a6 19.Qe2 e5 20.Rdd1 h6 21.Rab1 Rc7 22.Bd3 Qe6
23.Rbc1 Rfc8 24.Rc4 Rxc4 25.Bxc4 Qe7 26.Qd3 Ba3 27.Qf5 Re8 28.Bxa3 Qxa3 29.Rd7  1-0

[Event "Torch Real Estate Cup"]
[Site "Xiapu CHN"]
[Date "2005.06.23"]
[Round "16"]
[White "Huang Qian"]
[Black "Liu Xianglin"]
[Result "1-0"]
[WhiteElo "2382"]
[BlackElo "2223"]

1.d4 d5 2.Nf3 Nf6 3.c4 c6 4.Nc3 dxc4 5.a4 Bf5 6.Ne5 Nbd7 7.Nxc4 Nb6 8.Ne5 a5
9.g3 e6 10.Bg2 Bb4 11.O-O h6 12.e3 O-O 13.Qe2 Bh7 14.Rd1 Qe7 15.e4 Nfd7 16.Nxd7 Nxd7
17.Be3 e5 18.d5 Nc5 19.Qc4 b5 20.axb5 cxb5 21.Nxb5 Qd7 22.d6 Rac8 23.Nc7 Nb7
24.Qa6 Nxd6 25.Nd5 Rfd8 26.Nxb4 axb4 27.Rd5 Qe7 28.Bc5 Rxc5 29.Rxc5 Nxe4
30.Rc8 Bf5 31.Rxd8+ Qxd8 32.Qa8  1-0